| 000 | 00622nam a22001577a 4500 | ||
|---|---|---|---|
| 003 | OSt | ||
| 005 | 20161130105733.0 | ||
| 008 | 161130b xxu||||| |||| 00| 0 eng d | ||
| 040 | _cRUA | ||
| 082 | _aGRS SAN 2015 B542 Or.1 | ||
| 100 |
_911465 _aSAN SOVNN; សាន់ សុវណ្ណ |
||
| 245 | _aEffects of different storage methods on rice quality, ឥទ្ធិពលនៃការទុកដាក់ស្រូវដោយវិធីផ្សេងៗទៅលើគុណភាពស្រូវអង្ករ | ||
| 260 |
_aPhnom Penh _bSAN _c2015 |
||
| 300 |
_aviii,26p. _bill. _c29cm. |
||
| 942 |
_2ddc _cGRS |
||
| 999 |
_c11019 _d11019 |
||